000 00686nam a2200265Ia 4500
005 20260121165810.0
008 008 260114s9999 xx 000 0 eng d
020 _a9783662468319
037 _aEBOOK
040 _aCRL
040 _beng
040 _cCRL
041 _2eng
041 _aeng
084 _qCRL
100 _aMichele Aresta, Angela Dibenedetto, Eugenio Quaranta
_91056175
245 0 _aReaction Mechanisms in Carbon Dioxide Conversion
260 _bSpringer
260 _bSpringer
260 _c2016
856 _uhttps://link.springer.com/openurl?genre=book&isbn=978-3-662-46831-9
942 _cEBOOK
999 _c1621903
_d1621903